• 首页
  • 本馆介绍
  • 公告通知
  • 最新文献
  • 馆藏检索
  • 电子资源
  • 读者导购
  • 参考咨询
  • 我的图书馆
  • 登录
  • 详细信息显示
  • 放入我的书架
  • 预约/预借图书
  • 作者相关作品
  • 分类相关作品
  • 丛书相关作品
  • 出版社相关作品

书目信息

  • 表格格式
  • 工作单格式
  • 卡片格式
题名:
全面改革中的苏联
    
 
作者: 倪家泰 著
分册:  
出版信息: 南宁   广西科学技术出版社  1989.4
页数: 150页
开本: 20cm
丛书名: 今日苏联丛书
单 册:
中图分类: D751.20
科图分类:
主题词: 政治--概况--苏联
电子资源:
ISBN: 7-80565-081-0
000 00718nam2 2200241 45
001 0189022567
005 20050627162639.1
010    @a7-80565-081-0@dCNY2.10
020    @aCN@b89022567
100    @a19910905d1989 m y0chiy0120 ea
101 0  @achi
102    @aCN@b450000
105    @ay z 000yy
200 10 @a全面改革中的苏联@Aquan mian gai ge zhong de su lian@e200天考察见闻@E200 tian kao cha jian wen@f倪家泰著@Fni jia tai zhu
210    @a南宁@c广西科学技术出版社@d1989.4
215    @a150页@d20cm
225 2  @a今日苏联丛书
410  0 @120010@a今日苏联丛书
606    @a政治@x概况@y苏联
690    @aD751.20@v1980
701  0 @a倪家泰@4著
801  0 @aCN@bNLC@c19910905
905    @dD751.20@e139@f1@b220109
    
    全面改革中的苏联:200天考察见闻/倪家泰著.-南宁:广西科学技术出版社,1989.4
    150页;20cm.-(今日苏联丛书)
    
    
    ISBN 7-80565-081-0:CNY2.10
    
●
相关链接 在E读中查询图书 在五车中查询图书 在当当中查询图书 在豆瓣中查询图书


正题名:全面改革中的苏联     索取号:D751.20/139         预约/预借

序号 登录号 条形码 馆藏地/架位号 状态 备注
1 0220107   001017688   第一借阅区/ [索取号:D751.20/139] 在馆    
2 0220108   001017679   密集书库/ [索取号:D751.20/139] 在馆    
唐山师范学院图书馆 欢迎您!
大连网信软件有限公司© 版权所有